000 00596nam a22001817a 4500
005 20240624165446.0
010 _aENG-140696
020 _a9789391028220
_c399.00
035 _aEN-124228
037 _bDBAD
082 _a230.1
100 _aRamachandran, Nalini
_967680
245 _aGods Giants & The Geography of India/
_cBy Nalini Ramachandran
260 _aGurugram
_bHachelle Book Publishing India Pvt Ltd
_c2021
270 _a4th & %th Floor, Corporate Centre, Plot No. 94, Sector 44
_bGurugram
_e122003
300 _ax,270p.
_c20cm(pb)
942 _2ddc
_cEN
_h230.1
_mRAM
999 _c203685
_d203685